| 000 | 01022cam a22002891 4500 | ||
|---|---|---|---|
| 001 | 25375 | ||
| 003 | BD-RjUL | ||
| 005 | 20211209050853.0 | ||
| 008 | 140318s1951 nyub 000 0 eng d | ||
| 035 | _a(BD-RjUL)25445 | ||
| 035 | _a(OCoLC)404396 | ||
| 040 |
_aDLC _cODaWU _dOCoLC _dDLC _dBD-RjUL _beng |
||
| 041 | 1 | _aenggre | |
| 082 | 0 | 0 |
_a888.2 _bTHC 1951 |
| 100 | 0 |
_aThucydides. _974738 |
|
| 245 | 1 | 4 |
_aThe complete writings of Thucydides : _bThe Peloponnesian war / _cThe unabridged Crawley translation; with an introduction by Joseph Gavorse ... |
| 260 |
_aNew York : _bThe Modern Library, _cc1951 |
||
| 300 |
_axxviii, 516 p. : _bfront. (fold. map) , _c17 cm. |
||
| 490 | 0 | _aThe modern library of the world's best books | |
| 500 | _a"First Modern library edition." | ||
| 651 | 0 |
_aGreece _xHistory _yPeloponnesian War, 431-404 B.C. _978017 |
|
| 700 | 1 |
_aCrawley, Richard, _d1840-1893, _etr. _978018 |
|
| 700 | 1 |
_aGavorse, Joseph. _978019 |
|
| 942 |
_2ddc _cBK |
||
| 999 |
_c25375 _d25375 |
||